| 000 | 00353 a2200145 4500 | ||
|---|---|---|---|
| 003 | Nust | ||
| 005 | 20221123135031.0 | ||
| 040 | _cNust | ||
| 082 | _a516,PHI | ||
| 245 |
_aMotion Geometry _bBook 1,2,3,4 (Include) _cState Series |
||
| 260 |
_aCalfornia _bState Series` _c1970. |
||
| 300 | _aMulti pages | ||
| 650 |
_a Geometry _933411 |
||
| 942 |
_2ddc _cBK |
||
| 999 |
_c180980 _d180980 |
||